In praise of hands (Record no. 9684)

MARC details
000 -CABECERA
campo de control de longitud fija 00842nam a2200253 a 4500
001 - NÚMERO DE CONTROL
campo de control BRL_872
005 - FECHA Y HORA DE LA ÚLTIMA TRANSACCIÓN
campo de control 20190320210931.0
008 - DATOS DE LONGITUD FIJA--INFORMACIÓN GENERAL
campo de control de longitud fija 211013s1974----cn-a######---#000-0#eng-#
041 ## - CÓDIGO DE LENGUA
Código de lengua del texto/banda sonora o título independiente eng
044 ## - CÓDIGO DEL PAÍS DE LA ENTIDAD EDITORA/PRODUCTORA
Código MARC del país cn
050 #4 - SIGNATURA TOPOGRÁFICA DE LA BIBLIOTECA DEL CONGRESO
Número de clasificación TT145
Número de documento/Ítem .P73 1974
245 10 - MENCIÓN DE TÍTULO
Título In praise of hands
Resto del título contemporary crafts of the world
Mención de responsabilidad, etc. Essay by Octavio Paz ; Foreword by James S. Plaut ; Preface by Charles F. Lombard
260 ## - PUBLICACIÓN, DISTRIBUCIÓN, ETC.
Lugar de publicación, distribución, etc. Canadá
Nombre del editor, distribuidor, etc. McClelland and Stewart Limited : World Crafts Council
Fecha de publicación, distribución, etc. 1974
300 ## - DESCRIPCIÓN FÍSICA
Extensión 223 p.
Otras características físicas il. (alguas a color)
Dimensiones 28 cm.
500 ## - NOTA GENERAL
Nota general Au987
504 ## - NOTA DE BIBLIOGRAFÍA, ETC.
Nota de bibliografía, etc. Bibliografía: p. 212-218
650 14 - PUNTO DE ACCESO ADICIONAL DE MATERIA--TÉRMINO DE MATERIA
Término de materia o nombre geográfico como elemento de entrada Artesanías
Subdivisión de forma Catálogos
9 (RLIN) 25198
700 1# - PUNTO DE ACCESO ADICIONAL--NOMBRE DE PERSONA
Nombre de persona Paz, Octavio
Fechas asociadas al nombre 1914-1998
9 (RLIN) 563
700 1# - PUNTO DE ACCESO ADICIONAL--NOMBRE DE PERSONA
Nombre de persona S. Plaut, James
9 (RLIN) 25199
700 1# - PUNTO DE ACCESO ADICIONAL--NOMBRE DE PERSONA
Nombre de persona Lombard, Charles F.
9 (RLIN) 25200
710 2# - PUNTO DE ACCESO ADICIONAL--NOMBRE DE ENTIDAD CORPORATIVA
Nombre de entidad corporativa o nombre de jurisdicción como elemento de entrada World Crafts Council
9 (RLIN) 22826
902 ## - CATALOGADOR
Iniciales GRL
942 ## - ELEMENTOS DE PUNTO DE ACCESO ADICIONAL (KOHA)
Fuente del sistema de clasificación o colocación Library of Congress Classification
Tipo de ítem Koha Libros
Holdings
Estado de retiro Estado de pérdida Estado dañado No para préstamo Localización permanente Ubicación/localización actual Fecha de adquisición Número de inventario Total de préstamos Signatura topográfica completa Código de barras Fecha visto por última vez Precio válido a partir de Tipo de ítem Koha
El ejemplar forma parte de la colección y puede ser consultado según las políticas vigentes.       Biblioteca Centro de Estudios Ruth D. Lechuga Biblioteca Centro de Estudios Ruth D. Lechuga 21/10/2013 Au987   TT145 .P73 1974 (Au987) GRL00941 22/03/2019 22/03/2019 Libros